000 00207 a2200085 4500
020 _a 9781780671680
100 _aTim Collins
245 _a100 Ways to Create a Great Ad
260 _bLaurence King Publishing
_c2014
999 _c13398
_d13398